000 00687nam a2200289Ia 4500
005 20260324150549.0
008 008 260324s9999 xx 000 0 eng d
020 _a9781003279037
037 _aEBOOK
040 _aCRL
040 _beng
040 _cCRL
041 _2eng
041 _aeng
084 _qCRL
100 _aHenry McAleavy
_91226101
245 4 _aThe Chinese Bigamy of Mr. David Winterlea
245 2 _bA Manchu-Edwardian Fantasy
260 _bTaylor and Francis
260 _c1961
365 _a
365 _b170
856 _uhttp://www.taylorfrancis.com/books/9781003279037
942 _cEBOOK
999 _c1836515
_d1836515